| 000 | 00000nam##2200000za#4500 |
| 001 | 9.697201 |
| 003 | CaOODSP |
| 005 | 20210624235356 |
| 007 | cr ||||||||||| |
| 008 | 150407|1998||||xxc|||||o f|0| 0 eng|d |
| 040 | |aCaOODSP|beng |
| 043 | |an-cn--- |
| 086 | 1 |aH21-300/1998E-PDF |
| 110 | 1 |aCanada.|bHealth Canada. |bOffice of Health and the Information Highway. |
| 245 | 10|aTele-homecare consultation workshop - Toronto, Ontario |h[electronic resource] |
| 260 | |aOttawa - Ontario : |bHealth Canada. |cSeptember 1998. |
| 300 | |a22p.|bfig. |
| 590 | |a13-03-Supp|b2013-02-11 |
| 690 | 07|aTelehealth|2gcpds |
| 775 | 08|tAtelier de consultation sur les télésoins B domicile - Toronto (Ontario) |w(CaOODSP)9.641268 |
| 856 | 40|ahttp://publications.gc.ca|qPDF|s85 KB|uhttps://publications.gc.ca/collections/collection_2013/sc-hc/H21-300-1998-eng.pdf |